000 00257nam a22001217a 4500
008 181012b xxu||||| |||| 00| 0 eng d
041 _aeng
080 _a610
100 _a4
101 _aSHM
245 _aClinical Low Vision
_cFaye,E.E
942 _2udc
_cBK
999 _c49475
_d49475